Psychology. (Record no. 276677)
[ view plain ]
| 000 -LEADER | |
|---|---|
| fixed length control field | 00239nam a2200109 a 4500 |
| 005 - DATE AND TIME OF LATEST TRANSACTION | |
| control field | 20141022142009.0 |
| 008 - FIXED-LENGTH DATA ELEMENTS--GENERAL INFORMATION | |
| fixed length control field | 120229s19uu xx 00 eng d |
| 050 ## - LIBRARY OF CONGRESS CALL NUMBER | |
| Classification number | CD |
| Item number | P974 200? |
| 245 ## - TITLE STATEMENT | |
| Title | Psychology. |
| 260 ## - PUBLICATION, DISTRIBUTION, ETC. (IMPRINT) | |
| Date of publication, distribution, etc | 200?. |
| 942 ## - ADDED ENTRY ELEMENTS (KOHA) | |
| Koha item type | Audio Visual Materials |
| Withdrawn status | Lost status | Damaged status | Home library | Current library | Shelving location | Date acquired | Total Checkouts | Full call number | Barcode | Date last seen | Price effective from | Koha item type |
|---|---|---|---|---|---|---|---|---|---|---|---|---|
| College Library | College Library | Audio Visual Material Section | 02/29/2012 | CD P974 200? | PSYCH0010 | 04/12/2014 | 04/12/2014 | Audio Visual Materials | ||||
| College Library | College Library | Audio Visual Material Section | 02/29/2012 | CD P974 200? | PSYCH0011 | 04/12/2014 | 04/12/2014 | Audio Visual Materials |